| 000 | 01769nam a2200397 a 4500 | ||
|---|---|---|---|
| 001 | ebr10387702 | ||
| 003 | CaPaEBR | ||
| 006 | m u | ||
| 007 | cr cn||||||||| | ||
| 008 | 070227s2007 aluab s 001 0 eng | ||
| 010 | _z 2007008352 | ||
| 020 | _z9780817354480 (pbk. : alk. paper) | ||
| 020 | _z0817354484 (alk. paper) | ||
| 040 |
_aCaPaEBR _cCaPaEBR |
||
| 035 | _a(OCoLC)647930684 | ||
| 043 |
_an-us--- _aa-ja--- |
||
| 050 | 1 | 4 |
_aD767.99.I9 _bC37 2007eb |
| 082 | 0 | 4 |
_a940.54/2528092 _222 |
| 100 | 1 |
_aCaruso, Patrick F., _d1921- |
|
| 240 | 1 | 0 | _aNightmare on Iwo |
| 245 | 1 | 0 |
_aNightmare on Iwo Jima _h[electronic resource] : _ba marine in combat / _cPatrick F. Caruso. |
| 260 |
_aTuscaloosa, Ala. : _bUniversity of Alabama Press, _c2007. |
||
| 300 |
_axiv, 168 p. : _bill., 1 map. |
||
| 500 | _aOriginally published as: Nightmare on Iwo. Annapolis, Md. : Naval Institute Press, 2001. | ||
| 500 | _aIncludes index. | ||
| 533 |
_aElectronic reproduction. _bPalo Alto, Calif. : _cebrary, _d2013. _nAvailable via World Wide Web. _nAccess may be limited to ebrary affiliated libraries. |
||
| 600 | 1 | 0 |
_aCaruso, Patrick F., _d1921- |
| 610 | 1 | 0 |
_aUnited States. _bMarine Corps. _bMarine Division, 3rd. _bBattalion, 3rd. _bKilo Company _xHistory. |
| 610 | 1 | 0 |
_aUnited States. _bMarine Corps _xOfficers _vBiography. |
| 650 | 0 |
_aIwo Jima, Battle of, Japan, 1945 _vPersonal narratives, American. |
|
| 650 | 0 |
_aWorld War, 1939-1945 _xRegimental histories _zUnited States. |
|
| 651 | 0 |
_aIwo Jima (Volcano Islands, Japan) _xHistory, Military _y20th century. |
|
| 655 | 7 |
_aElectronic books. _2local |
|
| 710 | 2 | _aebrary, Inc. | |
| 856 | 4 | 0 |
_uhttp://site.ebrary.com/lib/rucke/Doc?id=10387702 _zAn electronic book accessible through the World Wide Web; click to view |
| 999 |
_c92026 _d92026 |
||